Central Library OPAC University of Rajshahi

Introduction a la psychanalyse / (Record no. 31218)

MARC details
000 -LEADER
fixed length control field 00764nam a22002411a 4500
001 - CONTROL NUMBER
control field 31218
003 - CONTROL NUMBER IDENTIFIER
rucl marc code BD-RjUL
005 - DATE AND TIME OF LATEST TRANSACTION
control field 20211209051656.0
008 - FIXED-LENGTH DATA ELEMENTS--GENERAL INFORMATION
fixed length control field 140413s1940 fr 000 0 fre d
035 ## - SYSTEM CONTROL NUMBER
System control number (BD-RjUL)31305
System control number (BD-RjUL)
040 ## - CATALOGING SOURCE
Original cataloging agency ANL
Language of cataloging eng
Transcribing agency ANL
Modifying agency BD-RjUL
041 1# - LANGUAGE CODE
Language code of text/sound track or separate title fre
Language code of original ger
082 ## - DEWEY DECIMAL CLASSIFICATION NUMBER
Classification number 150.1952
Author mark and year FRI 1940
100 1# - MAIN ENTRY--PERSONAL NAME
Personal name Freud, Sigmund,
Dates associated with a name 1856-1939.
9 (RLIN) 94970
245 10 - TITLE STATEMENT
Title Introduction a la psychanalyse /
Statement of responsibility, etc. Trad. de l'allemand avec l'autorisation de l'auteur par S. Jankaelaevitch.
260 ## - PUBLICATION, DISTRIBUTION, ETC. (IMPRINT)
Place of publication, distribution, etc. Paris :
Name of publisher, distributor, etc. Payot,
Date of publication, distribution, etc. 1940.
300 ## - PHYSICAL DESCRIPTION
Pagination 496 p. ;
Size 21cm.
490 1# - SERIES STATEMENT
Series statement Bibliothaeque scientifique
650 #0 - SUBJECT ADDED ENTRY--TOPICAL TERM
Topical term or geographic name as entry element Psychoanalysis.
9 (RLIN) 94971
830 #0 - SERIES ADDED ENTRY--UNIFORM TITLE
Uniform title Bibliotheque scientifique (Payot (Firm : Paris, France))
942 ## - ADDED ENTRY ELEMENTS (KOHA)
Source of classification or shelving scheme Dewey Decimal Classification
Koha item type Books
Holdings
Lost status Source of classification or shelving scheme Damaged status Not for loan Collection code Permanent Location Current Location Shelving location Date acquired Source of acquisition Cost, normal purchase price Total Checkouts Full call number Date last seen Copy number Koha item type
  Dewey Decimal Classification   Not For Loan Non-fiction Central Library, University of Rajshahi Central Library, University of Rajshahi Reading Room 09/03/1956 B.H. black well 105.00   150.1952 FRI 1940 13/04/2014 C-1 Books